Southville International School and Colleges
Your cart is empty.
  • Cart
  • Lists
    Public lists Eva Luna New books Lux_list list_1
    Your lists Log in to create your own lists
  • Log in to your account
  • Your cookies
  • Search history
Southville International School and Colleges
  • Advanced search
  • Recent comments
  • Most popular
  • Libraries

Log in to your account

Log in with GOOGLE


If you do not have an external account, but do have a local account, you can still log in:

  1. Home
  2. MARC view: Dreamweaver mx 2004 :
Normal view MARC view ISBD view

Dreamweaver mx 2004 : (Record no. 21612)

[ view plain ]
MARC details
000 -LEADER
fixed length control field 00505nam a2200181 a 4500
005 - DATE AND TIME OF LATEST TRANSACTION
control field 20140310183333.0
008 - FIXED-LENGTH DATA ELEMENTS--GENERAL INFORMATION
fixed length control field 060825s19uu xx 00 eng d
020 ## - INTERNATIONAL STANDARD BOOK NUMBER
International Standard Book Number 0-7645-4304-0
050 ## - LIBRARY OF CONGRESS CALL NUMBER
Classification number TK 5105.885.D74
Item number .Ev92 2004
100 ## - MAIN ENTRY--PERSONAL NAME
Personal name Evans, Joyce J.
245 ## - TITLE STATEMENT
Title Dreamweaver mx 2004 :
Remainder of title complete course /
Statement of responsibility, etc Joyce J. Evans.
260 ## - PUBLICATION, DISTRIBUTION, ETC. (IMPRINT)
Place of publication, distribution, etc U.S.A :
Name of publisher, distributor, etc Wiley Publishing, Inc,
Date of publication, distribution, etc 2004.
300 ## - PHYSICAL DESCRIPTION
Extent 351 p. :
Dimensions 23 cm.
521 ## - TARGET AUDIENCE NOTE
Target audience note
650 ## - SUBJECT ADDED ENTRY--TOPICAL TERM
Topical term or geographic name as entry element Dreamweaver.
942 ## - ADDED ENTRY ELEMENTS (KOHA)
Koha item type Books
Source of classification or shelving scheme Library of Congress Classification
Call number prefix Foreign
Holdings
Withdrawn status Lost status Source of classification or shelving scheme Damaged status Home library Current library Shelving location Date acquired Total Checkouts Full call number Barcode Date last seen Price effective from Koha item type
    Library of Congress Classification   College Library College Library General Circulation Section 08/25/2006   TK 5105.885.D74 .Ev92 2004 C7572 05/15/2018 03/10/2014 Books

Dreamweaver mx 2004 :

APA

Evans J. J., . (2004). Dreamweaver mx 2004. U.S.A: Wiley Publishing, Inc.

Chicago

Evans Joyce J, . 2004. Dreamweaver mx 2004. U.S.A: Wiley Publishing, Inc.

Harvard

Evans J. J., . (2004). Dreamweaver mx 2004. U.S.A: Wiley Publishing, Inc.

MLA

Evans Joyce J, . Dreamweaver mx 2004. U.S.A: Wiley Publishing, Inc. 2004.

  • Place hold
  • Print
  • Cite
  • Add to your cart (remove)
  • Save record
    BIBTEX Dublin Core MARCXML MARC (non-Unicode/MARC-8) MARC (Unicode/UTF-8) MARC (Unicode/UTF-8, Standard) MODS (XML) RIS
  • More searches
    Search for this title in:
    Other Libraries (WorldCat) Other Databases (Google Scholar) Online Stores (Bookfinder.com) Open Library (openlibrary.org)

Exporting to Dublin Core...

SOUTHVILLE LIBRARY

Southville International School and Colleges Library

1281 Tropical Ave. Cor. Luxembourg St., BF Homes International, Las Pinas City

Tel. No. 8256374 / 252358 Loc. 117/146

Powered by Koha